banner koha

Eficiência de inseticidas no controle de Spodoptera frugiperda (J.E. Smith 1797)(Lepidoptera: Noctuidae)na cultura do algodoeiro (Registro n. 184683)

MARC details
000 -LÍDER
campo de controle de tamanho fixo 00942nas a2200301 4500
001 - NÚMERO DE CONTROLE
campo de controle BR0600244
003 - IDENTIFICADOR DO NÚMERO DE CONTROLE
campo de controle BR-BrBNA
005 - DATA E HORÁRIO DA ÚLTIMA TRANSAÇÃO
campo de controle 20231205105804.0
007 - CAMPO FIXO DE DESCRIÇÃO FÍSICA--INFORMAÇÃO GERAL
campo de controle de tamanho fixo ta
008 - CAMPO DE DADOS FIXOS--INFORMAÇÃO GERAL
campo de controle de tamanho fixo 230509b bl.|||p| |||| 00| 00por d
040 ## - FONTE DA CATALOGAÇÃO
Instituição da catalogação original BR-BrBNA
Idioma da catalogação por
Instituição que transcreveu o registro Biblioteca Nacional de Agricultura
041 ## - CÓDIGO DE IDIOMA
Código do idioma do texto/trilha sonora ou título diferente (Pt)
072 ## - CÓDIGO DE CATEGORIA DE ASSUNTO
Código de Categoria de Assunto H10
100 1# - ENTRADA PRINCIPAL--NOME PESSOAL
Nome pessoal Barros, R.G.
100 1# - ENTRADA PRINCIPAL--NOME PESSOAL
Nome pessoal Albernaz, K.C.
100 1# - ENTRADA PRINCIPAL--NOME PESSOAL
Nome pessoal Takatsuka, F.S.
100 1# - ENTRADA PRINCIPAL--NOME PESSOAL
Nome pessoal Czepak, C.
100 1# - ENTRADA PRINCIPAL--NOME PESSOAL
Nome pessoal Fernandes, P.M.
100 1# - ENTRADA PRINCIPAL--NOME PESSOAL
Nome pessoal Tofoli, G.R.
245 1# - TÍTULO
Título Eficiência de inseticidas no controle de Spodoptera frugiperda (J.E. Smith 1797)(Lepidoptera: Noctuidae)na cultura do algodoeiro
650 ## - ASSUNTO--TERMO TÓPICO
Cabeçalho tópico ou nome geográfico ALGODÃO
650 ## - ASSUNTO--TERMO TÓPICO
Cabeçalho tópico ou nome geográfico LAGARTA MILITAR
650 ## - ASSUNTO--TERMO TÓPICO
Cabeçalho tópico ou nome geográfico INSETICIDA
650 ## - ASSUNTO--TERMO TÓPICO
Cabeçalho tópico ou nome geográfico CONTROLE QUÍMICO
773 0# - ENTRADA ANALÍTICA
Título Pesquisa Agropecuária Tropical (Brazil)
ISSN - International Standard Serial Number ISSN 1517-6398
Partes relacionadas (Sep-Dec 2005), v. 35(3) p. 179-182
Número de controle do registro BR0600244
909 ## -
-- 202311
-- Lúcia
-- 55
-- Lúcia Elande
942 ## - ELEMENTOS DE ENTRADA ADICIONADOS (KOHA)
Fonte da classificação ou esquema de arquivamento na estante Classificação AGRIS
Ocultar no OPAC Não
Tipo de material Koha Analítica
Exemplares
Situação do descarte Fonte da classificação ou esquema de arquivamento na estante Situação física Não pode ser emprestado Biblioteca de origem Biblioteca atual Localização na estante Enumeração do periódico / cronologia Total de empréstimos Data de último acesso Número do exemplar Tipo de material Koha Fonte de aquisição
  Classificação AGRIS   Consulta local Biblioteca Nacional de Agricultura - Binagri Biblioteca Nacional de Agricultura - Binagri   (Sep-Dec 2005), v. 35(3) p. 179-182   29/11/2023 01 Periódicos Portaria Interministerial nº 164/94

BINAGRI

Telefone: (61)3218-2567/2388/3357/2097 - binagri@agro.gov.br

Ministério da Agricultura e Pecuária , Esplanada dos Ministérios, Bloco D, Anexo B, Brasília/DF, CEP: 70.043-900